| 000 | 00618nam a2200217 a 4500 | ||
|---|---|---|---|
| 005 | 20220604063747.0 | ||
| 008 | 991125s1962 mx 000 0 spa u | ||
| 035 | _aUPN01000035718 | ||
| 049 | _aCG | ||
| 050 | 4 |
_aQA9 F4.4 _b1962 |
|
| 100 | 1 |
_aFerrater Mora, José, _d1912- |
|
| 245 | 1 | 0 |
_aLógica matemática / _cJosé Ferrater Mora y Muguez Leblanc |
| 260 |
_aMéxico : _bFCE, _c1962 |
||
| 300 | _a227 p | ||
| 440 | 0 | _aSección de obras de filosofía | |
| 650 | 4 |
_aLógica simbólica y matemática _93581 |
|
| 650 | 4 | _aSILOGISMO | |
| 700 | 2 |
_aLablanc, Hugnes, _ecoaut. |
|
| 904 |
_aAC _b035719 |
||
| 905 | _aLibro | ||
| 999 |
_c35718 _d35718 |
||